<?xml version="1.0" encoding="UTF-8"?>
<record
    xmlns:xsi="http://www.w3.org/2001/XMLSchema-instance"
    xsi:schemaLocation="http://www.loc.gov/MARC21/slim http://www.loc.gov/standards/marcxml/schema/MARC21slim.xsd"
    xmlns="http://www.loc.gov/MARC21/slim">

  <leader>02651cam a2200361 i 4500</leader>
  <controlfield tag="001">17987890</controlfield>
  <controlfield tag="003">EG-ScBUE</controlfield>
  <controlfield tag="005">20240610112244.0</controlfield>
  <controlfield tag="008">140103s2013    enkabf f b    001 0 eng d</controlfield>
  <datafield tag="020" ind1=" " ind2=" ">
    <subfield code="a">9781780764634 (pbk.)</subfield>
  </datafield>
  <datafield tag="040" ind1=" " ind2=" ">
    <subfield code="a">DLC</subfield>
    <subfield code="b">eng</subfield>
    <subfield code="e">rda</subfield>
    <subfield code="c">DLC</subfield>
    <subfield code="d">EG-ScBUE</subfield>
  </datafield>
  <datafield tag="043" ind1=" " ind2=" ">
    <subfield code="a">f-nr---</subfield>
  </datafield>
  <datafield tag="082" ind1="0" ind2="4">
    <subfield code="a">966.9052</subfield>
    <subfield code="b">GOU</subfield>
    <subfield code="2">22</subfield>
  </datafield>
  <datafield tag="100" ind1="1" ind2=" ">
    <subfield code="a">Gould, Michael,</subfield>
    <subfield code="e">author.</subfield>
    <subfield code="9">39899</subfield>
  </datafield>
  <datafield tag="245" ind1="1" ind2="4">
    <subfield code="a">The Biafran War :</subfield>
    <subfield code="b">the struggle for modern Nigeria /</subfield>
    <subfield code="c">Michael Gould ; foreword by Frederick Forsyth.</subfield>
  </datafield>
  <datafield tag="250" ind1=" " ind2=" ">
    <subfield code="a">New paperback edition.</subfield>
  </datafield>
  <datafield tag="264" ind1=" " ind2="1">
    <subfield code="a">London :</subfield>
    <subfield code="b">I. B. Tauris &amp; Co Ltd.,</subfield>
    <subfield code="c">2013.</subfield>
  </datafield>
  <datafield tag="300" ind1=" " ind2=" ">
    <subfield code="a">xviii, 258 pages, [8] pages of plates :</subfield>
    <subfield code="b">illustrations, maps ;</subfield>
    <subfield code="c">22 cm</subfield>
  </datafield>
  <datafield tag="336" ind1=" " ind2=" ">
    <subfield code="2">rdacontent</subfield>
    <subfield code="a">text</subfield>
    <subfield code="b">txt</subfield>
  </datafield>
  <datafield tag="337" ind1=" " ind2=" ">
    <subfield code="a">unmediated</subfield>
    <subfield code="2">rdamedia</subfield>
    <subfield code="b">n</subfield>
  </datafield>
  <datafield tag="338" ind1=" " ind2=" ">
    <subfield code="a">volume</subfield>
    <subfield code="b">nc</subfield>
    <subfield code="2">rdacarrier</subfield>
  </datafield>
  <datafield tag="504" ind1=" " ind2=" ">
    <subfield code="a">Includes bibliographical references and index.
</subfield>
  </datafield>
  <datafield tag="505" ind1="0" ind2=" ">
    <subfield code="a">Introduction -- Historical background -- The path to war and its beginning -- The second part of the war : from mid-1968 to January 1970 -- Biafra's longevity -- Gowon and Ojukwu : an appraisal of the two leaders -- Conclusion.</subfield>
  </datafield>
  <datafield tag="520" ind1=" " ind2=" ">
    <subfield code="a">International media coverage in the 1960s and early 1970s represented the Biafran War, in which the state of Biafra attempted to secede from the Nigerian Federation, as a grand humanitarian disaster, characterised by sustained conflict, starvation and genocide. Using interviews and newly-released archival material, Michael Gould questions this depiction, examining the role of foreign parties in the conflict and the impact of propaganda upon its international reception both during and after the war. Envisaged initially by both sides as a short conflict, the war confounded all expectations, stretching on for four years. It was a 'brother's war', one which divided families, and was characterised overwhelmingly by both sides' reluctance to enter into hostilities. This book seeks to answer some of the most fundamental questions surrounding the conflict, including how this avoidable conflict came about, why the war became so drawn-out and how the leadership of the opposing Generals Ojukwu, who led the Biafran revolt and Gowon, who was President of the Nigerian Federation, defined the conflict.</subfield>
  </datafield>
  <datafield tag="651" ind1=" " ind2="7">
    <subfield code="a">Nigeria</subfield>
    <subfield code="x">History</subfield>
    <subfield code="y">Civil War, 1967-1970</subfield>
    <subfield code="x">Causes.</subfield>
    <subfield code="2">BUEsh</subfield>
  </datafield>
  <datafield tag="651" ind1=" " ind2="7">
    <subfield code="a">Nigeria</subfield>
    <subfield code="x">History</subfield>
    <subfield code="y">Civil War, 1967-1970.</subfield>
    <subfield code="2">BUEsh</subfield>
  </datafield>
  <datafield tag="651" ind1=" " ind2="7">
    <subfield code="a">Nigeria</subfield>
    <subfield code="x">History</subfield>
    <subfield code="y">Civil War, 1967-1970</subfield>
    <subfield code="x">Mass media and the war.</subfield>
    <subfield code="2">BUEsh</subfield>
  </datafield>
  <datafield tag="651" ind1=" " ind2="7">
    <subfield code="a">Nigeria, Eastern</subfield>
    <subfield code="x">History.</subfield>
    <subfield code="2">BUEsh</subfield>
  </datafield>
  <datafield tag="653" ind1=" " ind2=" ">
    <subfield code="b">BUSBOL</subfield>
    <subfield code="c">April2016</subfield>
  </datafield>
  <datafield tag="655" ind1=" " ind2=" ">
    <subfield code="v">Reading book</subfield>
  </datafield>
  <datafield tag="700" ind1="1" ind2=" ">
    <subfield code="a">Forsyth, Frederick,</subfield>
    <subfield code="d">1938-</subfield>
    <subfield code="e">author of introduction, etc.</subfield>
    <subfield code="9">39900</subfield>
  </datafield>
  <datafield tag="942" ind1=" " ind2=" ">
    <subfield code="2">ddc</subfield>
    <subfield code="c">BB</subfield>
  </datafield>
  <datafield tag="999" ind1=" " ind2=" ">
    <subfield code="c">21683</subfield>
    <subfield code="d">21655</subfield>
  </datafield>
  <datafield tag="952" ind1=" " ind2=" ">
    <subfield code="0">0</subfield>
    <subfield code="1">0</subfield>
    <subfield code="2">ddc</subfield>
    <subfield code="4">0</subfield>
    <subfield code="7">0</subfield>
    <subfield code="8">Alahram</subfield>
    <subfield code="a">MAIN</subfield>
    <subfield code="b">MAIN</subfield>
    <subfield code="c">2ND</subfield>
    <subfield code="d">2016-04-27</subfield>
    <subfield code="e">Purchase</subfield>
    <subfield code="g">176.00</subfield>
    <subfield code="l">0</subfield>
    <subfield code="o">966.9052 GOU</subfield>
    <subfield code="p">000032410</subfield>
    <subfield code="r">2025-07-15 00:00:00</subfield>
    <subfield code="v">220.00</subfield>
    <subfield code="w">2016-04-27</subfield>
    <subfield code="y">BB</subfield>
  </datafield>
</record>
